000 00552nam a2200193Ia 4500
003 GCL
008 140319s9999 xx 000 0 eng d
040 _aGCL /
_cGCL
082 0 4 _a953
_bR W
100 1 _aRADTKE, BERND
245 1 0 _aWELTGESCHICHTE UND WELTBESCHREI-BUNG IM MITTELATER LICHEN ISLAM /
_cRADTKE, BERND
260 _a[S.N] :
_bFRANZ STEINER\ ORIENT INSTITUT ،
_c1992
300 _a544 P
650 0 4 _aحوادث المرور
650 0 4 _aISLAM - HISTORY
650 0 4 _aMUSLIM - AUTHORS
650 0 4 _aORIENTALISTS
942 _2ddc
_cBK
999 _c19620
_d19620